| 000 | 01417nam a22003497a 4500 | ||
|---|---|---|---|
| 003 | CHAP | ||
| 005 | 20220329143921.0 | ||
| 008 | 220812s2012 mx r 00010 spa d | ||
| 010 | _a103710 | ||
| 011 | _a104682 | ||
| 035 | _a115372 | ||
| 040 | _cCHAP | ||
| 090 | _aTesis | ||
| 100 | 0 | 0 |
_aPérez Sánchez, Sandra Laura. _990040 |
| 245 | 1 | 0 |
_aLocalización, especialización y organización industrial, como determinantes del empleo en cinco ramas de la industria agroalimentaria en México (1999-2009) _h[En línea] _c/por Sandra Laura Pérez Sánchez |
| 260 |
_aChapingo, Méx. : _bEl autor, _c2012 |
||
| 500 | _aPara ver el contenido del material haga clic en la liga | ||
| 502 | _aTesis (Ph.D. en Problemas Economico Agroindustriales) -- UACH. CIESTAAM | ||
| 590 |
_aALEPH _b10 _c20130110 _lUCH01 _h1546 |
||
| 590 |
_aBATCH-UPD _b10 _c20130110 _lUCH01 _h1347 |
||
| 590 |
_aBATCH-UPD _b10 _c20130410 _lUCH01 _h0845 |
||
| 590 |
_aBATCH-UPD _b10 _c20130914 _lUCH01 _h1259 |
||
| 590 |
_aBATCH-UPD _b10 _c20140324 _lUCH01 _h1532 |
||
| 590 |
_aBATCH-UPD _b10 _c20141002 _lUCH01 _h0854 |
||
| 590 |
_aCONVERSION _b10 _c20130109 _lUCH01 _h1357 |
||
| 650 | 0 | 4 |
_aEmpleo. _936545 |
| 856 |
_3Finding aid _uhttp://10.13.5.2/tesis/115372.pdf _zTeclea aqui |
||
| 901 | _aBK | ||
| 942 | _cFOLL | ||
| 949 |
_aTesis _bBC _cTES _d33724002341520 _eTS2 _fc.2 _h53775 _i115372 _st |
||
| 949 |
_aTesis _bBC _cTES _d33724002341561 _eTS1 _h53774 _i115372 _st |
||
| 999 |
_c103710 _d103710 |
||